000 00559 a2200193 4500
005 20240903125630.0
010 _aB-760156 Ch-En
020 _a9789351952619
_c250.00
035 _aB-760156
037 _bGift
082 _a488
100 _aBlyton, Enid
_970905
245 _aBright Sparks;
_bAdventures in Reading Comprehension/
_cEnid Blyton
260 _aNew Delhi
_bHachette India
_c2023
270 _aNew Delhi
300 _a154 p.
_c20 cm(Pb)
942 _adpl
_cCH
_2ddc
_h488
_mBLY
999 _c205492
_d205492